| 000 -CABECERA |
| campo de control de longitud fija |
01545nam a2200397 u 4500 |
| 001 - NÚMERO DE CONTROL |
| campo de control |
000046746 |
| 005 - FECHA Y HORA DE LA ÚLTIMA TRANSACCIÓN |
| campo de control |
20200120222458.0 |
| 008 - DATOS DE LONGITUD FIJA--INFORMACIÓN GENERAL |
| campo de control de longitud fija |
110922s2008 sp a er 001 j spa d |
| 020 ## - NÚMERO INTERNACIONAL ESTÁNDAR DEL LIBRO |
| Número Internacional Estándar del Libro |
9788496822269 |
| 041 0# - CÓDIGO DE LENGUA |
| Código de lengua del texto/banda sonora o título independiente |
#-spa |
| 082 04 - NÚMERO DE LA CLASIFICACIÓN DECIMAL DEWEY |
| Número de edición |
21 |
| 090 ## - LOCALMENTE ASIGNADO TIPO-LC NÚMERO DE CLASIFICACIÓN (OCLC); NÚMERO DE CLASIFICACIÓN LOCAL (RLIN) |
| Número de clasificación (OCLC) (R) ; Numero de clasificación, CALL (RLIN) (NR) |
AC |
| Número cutter local (OCLC) ; Número de libro/Signatura topográfica íntegra, CALL (RLIN) |
LIBRO |
| 245 00 - MENCIÓN DE TÍTULO |
| Título |
Libro de fantasmas / |
| Mención de responsabilidad, etc. |
Ueda Akinari ... [ et al.] ; edición de Juan Sebastián Cárdenas ; ilustración Francis Bacon ...[et al.]. |
| 250 ## - MENCIÓN DE EDICIÓN |
| Mención de edición |
1a. ed. |
| 260 ## - PUBLICACIÓN, DISTRIBUCIÓN, ETC. |
| Lugar de publicación, distribución, etc. |
Madrid : |
| Nombre del editor, distribuidor, etc. |
451 Editores, |
| Fecha de publicación, distribución, etc. |
2008. |
| 300 ## - DESCRIPCIÓN FÍSICA |
| Extensión |
254 p. : |
| Otras características físicas |
il. col. |
| 490 #0 - MENCIÓN DE SERIE |
| Mención de serie |
451.zip |
| 500 ## - NOTA GENERAL |
| Nota general |
Incluye índice |
| 504 ## - NOTA DE BIBLIOGRAFÍA, ETC. |
| Nota de bibliografía, etc. |
Referencias bibliográficas : p. |
| 500 ## - NOTA GENERAL |
| Nota general |
El ej.1 de Biblioparque Funza corresponde al ISBN 9788496822535 |
| 500 ## - NOTA GENERAL |
| Nota general |
El ej.1 con N° de acceso 054000082 es de uso exclusivo para consulta en sala. Ubicación: Centro Empresarial El Cubo. |
| 500 ## - NOTA GENERAL |
| Nota general |
Ej.1 de la biblioteca Mosquera con ISBN: 9788496822535, 1a. ed. de 2008. |
| 600 14 - PUNTO DE ACCESO ADICIONAL DE MATERIA--NOMBRE DE PERSONA |
| Nombre de persona |
Akinari, Ueda |
| Subdivisión de forma |
Colecciones de escritos |
| 650 14 - PUNTO DE ACCESO ADICIONAL DE MATERIA--TÉRMINO DE MATERIA |
| Término de materia o nombre geográfico como elemento de entrada |
Cuentos adulto |
| 600 14 - PUNTO DE ACCESO ADICIONAL DE MATERIA--NOMBRE DE PERSONA |
| Nombre de persona |
Aljure, Dúmar |
| Subdivisión de forma |
Colecciones de escritos |
| 600 14 - PUNTO DE ACCESO ADICIONAL DE MATERIA--NOMBRE DE PERSONA |
| Nombre de persona |
Bao, Gan |
| Subdivisión de forma |
Colecciones de escritos |
| 600 14 - PUNTO DE ACCESO ADICIONAL DE MATERIA--NOMBRE DE PERSONA |
| Nombre de persona |
Bierce, Ambrose |
| Subdivisión de forma |
Colecciones de escritos |
| 600 14 - PUNTO DE ACCESO ADICIONAL DE MATERIA--NOMBRE DE PERSONA |
| Nombre de persona |
Dunsay, Lord |
| Subdivisión de forma |
Colecciones de escritos |
| 600 14 - PUNTO DE ACCESO ADICIONAL DE MATERIA--NOMBRE DE PERSONA |
| Nombre de persona |
Gógol, Nicolái |
| Subdivisión de forma |
Colecciones de escritos |
| 600 14 - PUNTO DE ACCESO ADICIONAL DE MATERIA--NOMBRE DE PERSONA |
| Nombre de persona |
Goki, Maxim |
| Subdivisión de forma |
Colecciones de escritos |
| 650 24 - PUNTO DE ACCESO ADICIONAL DE MATERIA--TÉRMINO DE MATERIA |
| Término de materia o nombre geográfico como elemento de entrada |
Literatura adulto |
| 650 24 - PUNTO DE ACCESO ADICIONAL DE MATERIA--TÉRMINO DE MATERIA |
| Término de materia o nombre geográfico como elemento de entrada |
Fantasmas en la literatura |
| 650 24 - PUNTO DE ACCESO ADICIONAL DE MATERIA--TÉRMINO DE MATERIA |
| Término de materia o nombre geográfico como elemento de entrada |
Espectros en la literatura |
| 700 1# - PUNTO DE ACCESO ADICIONAL--NOMBRE DE PERSONA |
| Nombre de persona |
Cárdenas, Juan Sebastián |
| Término indicativo de función/relación |
ed. |
| 700 1# - PUNTO DE ACCESO ADICIONAL--NOMBRE DE PERSONA |
| Nombre de persona |
Bacon, Francis |
| Fechas asociadas al nombre |
1561-1626 |
| Término indicativo de función/relación |
il. |